000 00285nam a22001337a 4500
008 170213b xxu||||| |||| 00| 0 eng d
020 _a9780077502911
041 _aeng
080 _27ED
_a61
100 _a6
101 _aSHM
245 _aMEDICAL OFFICE
_cSANDERSON
942 _2udc
_cBK
999 _c5265
_d5265